000 00730nam a2200289Ia 4500
005 20260324141241.0
008 008 260324s9999 xx 000 0 eng d
020 _a9781003445715
037 _aEBOOK
040 _aCRL
040 _beng
040 _cCRL
041 _2eng
041 _aeng
084 _qCRL
100 _aJoseph Erickson; Jeffrey B. Anderson
_91207483
245 0 _aLearning With the Community
245 0 _bConcepts and Models for Service-Learning in Teacher Education
260 _bTaylor and Francis
260 _c1997
365 _a
365 _b145
856 _uhttp://www.taylorfrancis.com/books/9781003445715
942 _cEBOOK
999 _c1810380
_d1810380